<?xml version="1.0" encoding="UTF-8"?>
<record
    xmlns:xsi="http://www.w3.org/2001/XMLSchema-instance"
    xsi:schemaLocation="http://www.loc.gov/MARC21/slim http://www.loc.gov/standards/marcxml/schema/MARC21slim.xsd"
    xmlns="http://www.loc.gov/MARC21/slim">

  <leader>02232nam a22002657a 4500</leader>
  <controlfield tag="003">OSt</controlfield>
  <controlfield tag="005">20260513143251.0</controlfield>
  <controlfield tag="007">t|</controlfield>
  <controlfield tag="008">250213s2026    enk      b    001 0 eng  </controlfield>
  <datafield tag="020" ind1=" " ind2=" ">
    <subfield code="a">9781032656762</subfield>
    <subfield code="c">RM193.86</subfield>
    <subfield code="q">paperback</subfield>
  </datafield>
  <datafield tag="040" ind1=" " ind2=" ">
    <subfield code="a">MILA_ain</subfield>
    <subfield code="b">eng</subfield>
    <subfield code="c">MILA</subfield>
  </datafield>
  <datafield tag="050" ind1="0" ind2="0">
    <subfield code="a">KF390.5.C6</subfield>
    <subfield code="b">L563 2026</subfield>
  </datafield>
  <datafield tag="100" ind1="1" ind2=" ">
    <subfield code="a">Lipschultz, Jeremy Harris</subfield>
  </datafield>
  <datafield tag="245" ind1="1" ind2="0">
    <subfield code="a">Social media law and ethics /</subfield>
    <subfield code="c">Jeremy Harris Lipschultz.</subfield>
  </datafield>
  <datafield tag="250" ind1=" " ind2=" ">
    <subfield code="a">2nd ed.</subfield>
  </datafield>
  <datafield tag="260" ind1=" " ind2=" ">
    <subfield code="a">Abingdon, Oxon [UK] :</subfield>
    <subfield code="b">Routledge, Taylor and Franics,</subfield>
    <subfield code="c">2026.</subfield>
  </datafield>
  <datafield tag="300" ind1=" " ind2=" ">
    <subfield code="a">xxv, 472 p. ;</subfield>
    <subfield code="c">27 cm.</subfield>
  </datafield>
  <datafield tag="504" ind1=" " ind2=" ">
    <subfield code="a">Includes bibliographical references and index.</subfield>
  </datafield>
  <datafield tag="520" ind1=" " ind2=" ">
    <subfield code="a">"In this textbook, social media professor Jeremy Harris Lipschultz introduces students to the study of social media law and ethics, integrating legal concepts and ethical theories. This second edition explores freedom of expression, as it applies to students, media industry professionals, content creators and audience members. Key issues and practices covered include copyright law, data privacy, defamation, global law and ethics, generative AI, government censorship, social media platform rules, and employer policies. The book also addresses the U.S. government TikTok law and other recent regulation. Research techniques are also used to suggest future trends in social media law and ethics. Touching on themes and topics of significant contemporary relevance, this accessible textbook can be used in standalone law and ethics courses, as well as emerging social media courses that are disrupting traditional public relations, advertising, marketing and journalism curricula. Case studies, discussion questions, and online resources help students engage with the practicalities, complexities and ambiguities of this future-oriented area of media law, making this an ideal textbook for students of media law, policy and ethics, mass media, and communication studies"-- Provided by publisher.</subfield>
  </datafield>
  <datafield tag="650" ind1="0" ind2=" ">
    <subfield code="a">Social media</subfield>
    <subfield code="x">Law and legislation</subfield>
    <subfield code="z">United States</subfield>
  </datafield>
  <datafield tag="650" ind1="0" ind2=" ">
    <subfield code="a">Online social networks</subfield>
    <subfield code="x">Law and legislation</subfield>
    <subfield code="z">United States</subfield>
  </datafield>
  <datafield tag="650" ind1="0" ind2=" ">
    <subfield code="a">Information technology</subfield>
    <subfield code="x">Law and legislation</subfield>
    <subfield code="z">United States</subfield>
  </datafield>
  <datafield tag="650" ind1="0" ind2=" ">
    <subfield code="a">Social media</subfield>
    <subfield code="x">Moral and ethical aspects</subfield>
    <subfield code="z">United States</subfield>
  </datafield>
  <datafield tag="942" ind1=" " ind2=" ">
    <subfield code="2">lcc</subfield>
    <subfield code="c">BK</subfield>
  </datafield>
  <datafield tag="999" ind1=" " ind2=" ">
    <subfield code="c">2673</subfield>
    <subfield code="d">2673</subfield>
  </datafield>
  <datafield tag="952" ind1=" " ind2=" ">
    <subfield code="0">0</subfield>
    <subfield code="1">0</subfield>
    <subfield code="2">lcc</subfield>
    <subfield code="4">0</subfield>
    <subfield code="7">0</subfield>
    <subfield code="a">MIUCL</subfield>
    <subfield code="b">MIUCL</subfield>
    <subfield code="c">GEN</subfield>
    <subfield code="d">2026-05-13</subfield>
    <subfield code="e">Emo Book Services Sdn Bhd</subfield>
    <subfield code="g">193.86</subfield>
    <subfield code="l">0</subfield>
    <subfield code="o">KF390.5.C6 L563 2026</subfield>
    <subfield code="p">0003628</subfield>
    <subfield code="r">2026-05-13 14:34:10</subfield>
    <subfield code="v">193.86</subfield>
    <subfield code="w">2026-05-13</subfield>
    <subfield code="y">BK</subfield>
  </datafield>
</record>
